000 00618nam a22001577a 4500
999 _c61197
_d61197
005 20231229154115.0
008 231229s1951 ru ||||| |||| 00| 0 rus d
041 _arus
080 _a902.2(549.1)+008(54) М-15
100 _aМаккей, Э.
_920937
245 _aДревнейшая культура долины Инда /
_cЭ. Маккей.
264 _aМ.:
_bИздательство иностранной литературы,
_c1951.
300 _a142 с.:
_bил.;
_c23 см.
653 _aინდუსის ველის უძველესი კულტურა
942 _2udc
_cᲬᲘᲒᲜᲘ